000 00528nam a2200169 a 4500
001 000020844
005 20200930011156.0
008 100818s2000 xxua 000 0 spa d
020 _a0072309237
020 _a0072404892
040 _aDO-SdBNP
_bspaeng
_cBPJMB
082 _axxx
_bN597m
100 1 _aNicholas, Robert L.
_928070
245 1 0 _aMotivos de conversación :
_bessentials of spanish, /
_cRobert L. Nicholas, María Canteli Dominicis.
300 _a440 p. :
_bil. ;
_c26 cm.
700 1 _aCanteli Dominicis, María
_943693
999 _c20347
_d20347